Statistics for Fast Typing Quiz

Click here to take the quiz!

General Stats

  • This quiz has been taken 31 times
  • The average score is 12 of 15

Answer Stats

What to typeType it here% Correct
HappinessHappiness
96%
How many pickles can a Xerox ownHow many pickles can a Xerox own
87%
Love the MississippiLove the Mississippi
87%
CC
83%
EminemEminem
83%
HopefullyHopefully
83%
Maybe soMaybe so
83%
Twelve answersTwelve answers
78%
Going to Italy and RussiaGoing to Italy and Russia
74%
Hot ChocolateHot Chocolate
74%
I have a flip phone for FrancescaI have a flip phone for Francesca
74%
Justin TimberlakeJustin Timberlake
74%
Delayed flights make me highly unhappyDelayed flights make me highly unhappy
70%
The quick brown fox jumped over the lay brown dogThe quick brown fox jumped over the lazy brown dog
65%
The Golden Girls is my grandmother's favorite showThe Golden Girls is my grandmother's favorite show
52%

Score Distribution

Percentile by Number Answered

Percent of People with Each Score

Your Score History

You have not taken this quiz